00423 a2200109 4500001001000000005001700010008004100027245012500068100002800193773007500221999001700296ART_1746320260410161820.0260409a 10aLa suspención del jucio a prueba en los delitos tributarios. A propósito de la reforma establecida por la ley 26.7351 aSemachowicz, Esteban D.0 tDoctrina Penal Tributaria y Económicag- Nº 24 (ago. 2012)wREV4317 c22286d22286